Vytvorte a riaďte úspešný tím

Rady, ako vytvoriť vo firme dobrý tím a na čo sa má manažér zamerať.

Saved in:
Bibliographic Details
Main Author: Voštenáková, Zuzana
Format: Book Chapter
Language:Slovak
Subjects:
Tags: Add Tag
No Tags, Be the first to tag this record!

MARC

LEADER 00000naa$a2200000$$$4500
001 0107421
005 20230908072011.7
041 0 |a slo 
044 |a SK 
245 1 0 |a Vytvorte a riaďte úspešný tím  |c Zuzana Voštenáková 
520 |a Rady, ako vytvoriť vo firme dobrý tím a na čo sa má manažér zamerať. 
610 2 0 |a riadenie ľudských zdrojov 
610 2 0 |a manažment personálny 
610 2 0 |a tímy pracovné 
610 2 0 |a lídri 
100 1 |a Voštenáková, Zuzana